<?xml version="1.0" encoding="UTF-8"?>
<record
    xmlns:xsi="http://www.w3.org/2001/XMLSchema-instance"
    xsi:schemaLocation="http://www.loc.gov/MARC21/slim http://www.loc.gov/standards/marcxml/schema/MARC21slim.xsd"
    xmlns="http://www.loc.gov/MARC21/slim">

  <leader>00658nam a22001577a 4500</leader>
  <controlfield tag="005">20250813144315.0</controlfield>
  <controlfield tag="008">250813b        |||||||| |||| 00| 0 eng d</controlfield>
  <datafield tag="050" ind1=" " ind2=" ">
    <subfield code="a">THE HG 1616 .C87 O532</subfield>
    <subfield code="b">C.4</subfield>
  </datafield>
  <datafield tag="100" ind1=" " ind2=" ">
    <subfield code="a">Onchangu, Selina Anne</subfield>
  </datafield>
  <datafield tag="245" ind1=" " ind2=" ">
    <subfield code="a">An Evaluation of Customers' Satisfaction with the Quality of ATM Services at Equity Bank in Kisii County</subfield>
  </datafield>
  <datafield tag="260" ind1=" " ind2=" ">
    <subfield code="a">Kisii</subfield>
    <subfield code="b">Kisii University</subfield>
    <subfield code="c">2012</subfield>
  </datafield>
  <datafield tag="300" ind1=" " ind2=" ">
    <subfield code="a">xii, 48p.:ill.</subfield>
  </datafield>
  <datafield tag="500" ind1=" " ind2=" ">
    <subfield code="a">Includes bibliographical references</subfield>
  </datafield>
  <datafield tag="650" ind1=" " ind2=" ">
    <subfield code="a">1. Automated teller machines&#x2014;Kenya. 2. Customer satisfaction&#x2014;Kenya. 3. Banks and banking&#x2014;Kenya. 4. Consumer behavior&#x2014;Kenya&#x2014;Kisii County.</subfield>
  </datafield>
  <datafield tag="942" ind1=" " ind2=" ">
    <subfield code="2">lcc</subfield>
    <subfield code="c">REF</subfield>
  </datafield>
  <datafield tag="999" ind1=" " ind2=" ">
    <subfield code="c">216036</subfield>
    <subfield code="d">216036</subfield>
  </datafield>
  <datafield tag="952" ind1=" " ind2=" ">
    <subfield code="0">0</subfield>
    <subfield code="1">0</subfield>
    <subfield code="2">lcc</subfield>
    <subfield code="4">0</subfield>
    <subfield code="6">THE H G1616 C87  O00532</subfield>
    <subfield code="7">0</subfield>
    <subfield code="8">SC</subfield>
    <subfield code="9">372839</subfield>
    <subfield code="a">KSUL</subfield>
    <subfield code="b">KSUL</subfield>
    <subfield code="d">2025-08-13</subfield>
    <subfield code="i">109468</subfield>
    <subfield code="l">0</subfield>
    <subfield code="o">THE HG 1616 .C87 O532</subfield>
    <subfield code="p">000000023524</subfield>
    <subfield code="r">2025-08-13 14:44:34</subfield>
    <subfield code="t">C.4</subfield>
    <subfield code="w">2025-08-13</subfield>
    <subfield code="y">REF</subfield>
  </datafield>
</record>
